Normal view
MARC view
- Hafsa Khan
Entry Personal Name
001 - CONTROL NUMBER
- control field: 105573
003 - CONTROL NUMBER IDENTIFIER
- control field: NUST
005 - DATE AND TIME OF LATEST TRANSACTION
- control field: 20221221161251.0
008 - FIXED-LENGTH DATA ELEMENTS
- fixed length control field: 221221|| aca||aabn | a|a d
040 ## - CATALOGING SOURCE
- Original cataloging agency: NUST
- Transcribing agency: NUST
100 ## - HEADING--PERSONAL NAME
- Personal name: Hafsa Khan
670 ## - SOURCE DATA FOUND
- Source citation: Work cat.: (NUST): Hafsa Khan., Computational study of Sulphadoxine based Schiff base and its metal complexes /, 2022.
